Football teams Robin van Persie has played for - Statistics

General Stats
  • This quiz has been taken 52 times
  • The average score is 4 of 5
Answer Stats
Year Answer % Correct
2012-2015 Manchester United
95%
2004-2012 Arsenal
93%
2001-2004 Feyenoord
81%
2018-2019 Feyenoord
81%
2015-2018 Fenerbahce
65%
No matching quizzes found
Score Distribution
Percent of People with Each Score
Percentile by Number Answered
Your Score History
You have not taken this quiz